<?xml version="1.0" encoding="UTF-8"?>
<record
    xmlns:xsi="http://www.w3.org/2001/XMLSchema-instance"
    xsi:schemaLocation="http://www.loc.gov/MARC21/slim http://www.loc.gov/standards/marcxml/schema/MARC21slim.xsd"
    xmlns="http://www.loc.gov/MARC21/slim">

  <leader>03097njm a2200517Ia 4500</leader>
  <controlfield tag="001">B7590</controlfield>
  <controlfield tag="003">IT-RoPAU</controlfield>
  <controlfield tag="005">20220918181115.0</controlfield>
  <controlfield tag="008">131025s9999    xx            000 0 und d</controlfield>
  <datafield tag="040" ind1=" " ind2=" ">
    <subfield code="a">IT-RoPAU</subfield>
  </datafield>
  <datafield tag="040" ind1=" " ind2=" ">
    <subfield code="c">IT-RoPAU</subfield>
  </datafield>
  <datafield tag="999" ind1=" " ind2=" ">
    <subfield code="c">99332</subfield>
    <subfield code="d">99332</subfield>
  </datafield>
  <datafield tag="999" ind1=" " ind2=" ">
    <subfield code="b">n.d.</subfield>
  </datafield>
  <datafield tag="100" ind1=" " ind2=" ">
    <subfield code="a">AA.VV.</subfield>
    <subfield code="9">794</subfield>
  </datafield>
  <datafield tag="100" ind1=" " ind2=" ">
    <subfield code="e">Autore musica</subfield>
    <subfield code="9">29339</subfield>
  </datafield>
  <datafield tag="100" ind1=" " ind2=" ">
    <subfield code="g">Codice autore musica SPICS: 12000</subfield>
    <subfield code="9">796</subfield>
  </datafield>
  <datafield tag="245" ind1=" " ind2=" ">
    <subfield code="a">Last Action Hero</subfield>
  </datafield>
  <datafield tag="250" ind1=" " ind2=" ">
    <subfield code="a">1a ed.</subfield>
  </datafield>
  <datafield tag="260" ind1=" " ind2=" ">
    <subfield code="a">ITALIA</subfield>
  </datafield>
  <datafield tag="260" ind1=" " ind2=" ">
    <subfield code="b">SONY MUSIC ENTERTAINMENT</subfield>
    <subfield code="c">1993 [1a Ed.:1993 - Ed. Lingua Orig.: 1993]</subfield>
  </datafield>
  <datafield tag="300" ind1=" " ind2=" ">
    <subfield code="a">COMPACT DISC</subfield>
  </datafield>
  <datafield tag="300" ind1=" " ind2=" ">
    <subfield code="c">56 minuti (Testo: 0 pag.)</subfield>
  </datafield>
  <datafield tag="500" ind1=" " ind2=" ">
    <subfield code="a">Colonna sonora originale del film "Last Action Hero".</subfield>
  </datafield>
  <datafield tag="505" ind1=" " ind2=" ">
    <subfield code="a">Big Gun - What the Hell Have I (Alice in Chains) - Angry Again (Megadeth) - Two Steps Behind (Leppard Def) - Poison My Eyes (Anthrax) - Dream On (Aerosmith) - A Little Bitter (Alice in Chains) - Cock the Hammer (Cypress Hill) - Swim (Fishbone) - Last Action Hero (Tesla) - Jack and the Ripper (Michael Kamen and The Los Angeles Rock and Roll Ensemble)</subfield>
  </datafield>
  <datafield tag="650" ind1=" " ind2=" ">
    <subfield code="a">COLONNA SONORA [COMPACT DISC]</subfield>
    <subfield code="e">Codice MATERIA SPICS: 9949</subfield>
    <subfield code="9">29340</subfield>
  </datafield>
  <datafield tag="700" ind1=" " ind2=" ">
    <subfield code="a">Young Adrian</subfield>
    <subfield code="d">Codice autore musica SPICS: 24335</subfield>
    <subfield code="e">Autore musica</subfield>
    <subfield code="p">Big Gun</subfield>
    <subfield code="9">29341</subfield>
  </datafield>
  <datafield tag="700" ind1=" " ind2=" ">
    <subfield code="a">Young M.</subfield>
    <subfield code="d">Codice autore SPICS: 39049</subfield>
    <subfield code="e">Autore</subfield>
    <subfield code="p">Big Gun</subfield>
    <subfield code="9">29342</subfield>
  </datafield>
  <datafield tag="700" ind1=" " ind2=" ">
    <subfield code="a">Cantrell J.</subfield>
    <subfield code="d">Codice autore musica SPICS: 39050</subfield>
    <subfield code="e">Autore musica</subfield>
    <subfield code="p">What the Hell Have I</subfield>
    <subfield code="9">29343</subfield>
  </datafield>
  <datafield tag="700" ind1=" " ind2=" ">
    <subfield code="a">Mustaine D.</subfield>
    <subfield code="d">Codice autore musica SPICS: 39051</subfield>
    <subfield code="e">Autore musica</subfield>
    <subfield code="p">Angry Again</subfield>
    <subfield code="9">29344</subfield>
  </datafield>
  <datafield tag="700" ind1=" " ind2=" ">
    <subfield code="a">Elliott J.</subfield>
    <subfield code="d">Codice autore musica SPICS: 39052</subfield>
    <subfield code="e">Autore musica</subfield>
    <subfield code="p">Two Steps Behind</subfield>
    <subfield code="9">29345</subfield>
  </datafield>
  <datafield tag="700" ind1=" " ind2=" ">
    <subfield code="a">Benante C.</subfield>
    <subfield code="d">Codice autore musica SPICS: 39053</subfield>
    <subfield code="e">Autore musica</subfield>
    <subfield code="p">Poison My Eyes</subfield>
    <subfield code="9">29346</subfield>
  </datafield>
  <datafield tag="700" ind1=" " ind2=" ">
    <subfield code="a">Ian S.</subfield>
    <subfield code="d">Codice autore SPICS: 39054</subfield>
    <subfield code="e">Autore</subfield>
    <subfield code="p">Poison My Eyes</subfield>
    <subfield code="9">29347</subfield>
  </datafield>
  <datafield tag="700" ind1=" " ind2=" ">
    <subfield code="a">Bush J.</subfield>
    <subfield code="d">Codice autore testo/musica SPICS: 39055</subfield>
    <subfield code="e">Autore musica</subfield>
    <subfield code="p">Poison My Eyes</subfield>
    <subfield code="9">29348</subfield>
  </datafield>
  <datafield tag="700" ind1=" " ind2=" ">
    <subfield code="a">Tyler S.</subfield>
    <subfield code="d">Codice autore musica SPICS: 39056</subfield>
    <subfield code="e">Autore musica</subfield>
    <subfield code="p">Dream On</subfield>
    <subfield code="9">29349</subfield>
  </datafield>
  <datafield tag="700" ind1=" " ind2=" ">
    <subfield code="a">Staley L.</subfield>
    <subfield code="d">Codice autore musica SPICS: 39057</subfield>
    <subfield code="e">Autore musica</subfield>
    <subfield code="p">A Little Bitter</subfield>
    <subfield code="9">29350</subfield>
  </datafield>
  <datafield tag="700" ind1=" " ind2=" ">
    <subfield code="a">Cantrell J.</subfield>
    <subfield code="d">Codice autore SPICS: 39050</subfield>
    <subfield code="e">Autore</subfield>
    <subfield code="p">A Little Bitter</subfield>
    <subfield code="9">29351</subfield>
  </datafield>
  <datafield tag="700" ind1=" " ind2=" ">
    <subfield code="a">Kinney S.</subfield>
    <subfield code="d">Codice autore testo/musica SPICS: 39058</subfield>
    <subfield code="e">Autore testo/musica</subfield>
    <subfield code="p">A Little Bitter</subfield>
    <subfield code="9">29352</subfield>
  </datafield>
  <datafield tag="700" ind1=" " ind2=" ">
    <subfield code="a">Freese L.</subfield>
    <subfield code="d">Codice autore musica SPICS: 39059</subfield>
    <subfield code="e">Autore musica</subfield>
    <subfield code="p">Cock the Hammer</subfield>
    <subfield code="9">29353</subfield>
  </datafield>
  <datafield tag="700" ind1=" " ind2=" ">
    <subfield code="a">Reyes S.</subfield>
    <subfield code="d">Codice autore SPICS: 39060</subfield>
    <subfield code="e">Autore</subfield>
    <subfield code="p">Cock the Hammer</subfield>
    <subfield code="9">29354</subfield>
  </datafield>
  <datafield tag="700" ind1=" " ind2=" ">
    <subfield code="a">Muggerud L.</subfield>
    <subfield code="d">Codice autore testo/musica SPICS: 39061</subfield>
    <subfield code="e">Autore testo/musica</subfield>
    <subfield code="p">Cock the Hammer</subfield>
    <subfield code="9">29355</subfield>
  </datafield>
  <datafield tag="700" ind1=" " ind2=" ">
    <subfield code="a">Bigham J.</subfield>
    <subfield code="d">Codice autore musica SPICS: 39062</subfield>
    <subfield code="e">Autore musica</subfield>
    <subfield code="p">Swim</subfield>
    <subfield code="9">29356</subfield>
  </datafield>
  <datafield tag="700" ind1=" " ind2=" ">
    <subfield code="a">Hannon F.</subfield>
    <subfield code="d">Codice autore musica SPICS: 39063</subfield>
    <subfield code="e">Autore musica</subfield>
    <subfield code="p">Last Action Hero</subfield>
    <subfield code="9">29357</subfield>
  </datafield>
  <datafield tag="700" ind1=" " ind2=" ">
    <subfield code="a">Keith J.</subfield>
    <subfield code="d">Codice autore SPICS: 39064</subfield>
    <subfield code="e">Autore</subfield>
    <subfield code="p">Last Action Hero</subfield>
    <subfield code="9">29358</subfield>
  </datafield>
  <datafield tag="700" ind1=" " ind2=" ">
    <subfield code="a">Wheat B.</subfield>
    <subfield code="d">Codice autore testo/musica SPICS: 39065</subfield>
    <subfield code="e">Autore testo/musica</subfield>
    <subfield code="p">Last Action Hero</subfield>
    <subfield code="9">29359</subfield>
  </datafield>
  <datafield tag="700" ind1=" " ind2=" ">
    <subfield code="a">Kamen Michael</subfield>
    <subfield code="d">Codice autore musica SPICS: 26930</subfield>
    <subfield code="e">Autore musica</subfield>
    <subfield code="p">Jack and the Ripper</subfield>
    <subfield code="9">29360</subfield>
  </datafield>
  <datafield tag="942" ind1=" " ind2=" ">
    <subfield code="c">CD</subfield>
    <subfield code="2">ddc</subfield>
  </datafield>
  <datafield tag="952" ind1=" " ind2=" ">
    <subfield code="0">0</subfield>
    <subfield code="1">0</subfield>
    <subfield code="4">0</subfield>
    <subfield code="6">B_7590_000000000000000</subfield>
    <subfield code="7">1</subfield>
    <subfield code="a">SPICS</subfield>
    <subfield code="b">SPICS</subfield>
    <subfield code="d">2013-10-25</subfield>
    <subfield code="l">0</subfield>
    <subfield code="o">B7590</subfield>
    <subfield code="r">2013-10-25 00:00:00</subfield>
    <subfield code="w">2013-10-25</subfield>
    <subfield code="y">CD</subfield>
    <subfield code="z">Progr. Ins.: 889 / N.Vol.: 1 / Copie: 1 - Copia rara: n.d. / date import: 01.01.2014 - By Epidotti, Trombetti, Vaglietti</subfield>
  </datafield>
</record>
